000 00396nam a2200157Ia 4500
005 20250323134822.0
008 240331s9999 xx 000 0 und d
020 _a8188641812
082 _bMUT
_a894
100 _aMuttulingam, A
245 0 _aKadikaaram amaithiyaka ennikkondirukkirathu
260 _aChennai
_bUyirmmai Pathippagam
_c2006
300 _a150 p .,
650 _aEssays
942 _cL
999 _c4177
_d4177